000 01015nam a2200217Ia 4500
003 Ost
005 20260507075017.0
008 260507s9999||||xx |||||||||||||| ||und||
020 _a8026328977
040 _cfsecg
041 _aara
082 _a600
100 _aمحمدين، جلال وفاء
_eمؤلف
245 0 _aالإطار القانوني لنقل التكنولوجيا :
_bفي ظل الجهود الدولية وأحكام نقل التكنولوجيا في قانون التجارة الجديدة /
_c جلال وفاء محمدين
260 _aالإسكندرية:
_bدار الجامعة الجديدة,
_c2001
300 _a133 صفحة؛
_bإيضاحات ؛
_c24 سم
520 _aالتفاوض على نقل التكنولوجيا-إبرام عقل نقل التكنولوجيا-الإلتزامات المتبادلة في عقد نقل التكنولوجيا-الشروط التقييدية
653 _aالتجارة
653 _aالتكنولوجيا
942 _cكتاب
999 _c42228
_d42228